Loading...
| History - Other | 0 | 6 | 0 | 1 | 60 | 75 | 96.00 | 0 | 3 | 15.26 | 33.33 |
| Literature - European | 0 | 4 | 0 | 1 | 40 | 112 | 124.00 | 0 | 4 | 5.23 | 28.89 |
| Literature - British | 0 | 4 | 1 | 1 | 35 | 16 | 106.25 | 1 | 4 | 10.35 | 31.11 |
| Religion | 0 | 3 | 0 | 1 | 30 | 92 | 104.33 | 0 | 2 | 4.92 | 17.78 |
| Literature - World | 0 | 3 | 0 | 0 | 30 | 130 | 138.67 | 0 | 2 | 0.33 | 11.11 |
| Literature - American | 0 | 3 | 0 | 2 | 30 | 134 | 138.00 | 0 | 3 | 0.71 | 17.78 |
| Social Science | 0 | 2 | 0 | 0 | 20 | 44 | 80.00 | 1 | 2 | 6.72 | 13.33 |
| History - European | 0 | 2 | 1 | 1 | 15 | 122 | 128.00 | 0 | 1 | 0.77 | 6.67 |
| Mythology | 0 | 3 | 3 | 1 | 15 | 61 | 96.67 | 1 | 2 | 9.18 | 20.00 |
| Philosophy | 0 | 1 | 0 | 0 | 10 | 100 | 100.00 | 1 | 1 | 1.10 | 8.89 |
| Fine Arts - Painting and Sculpture | 0 | 1 | 0 | 0 | 10 | 89 | 89.00 | 0 | 1 | 3.39 | 6.67 |
| History - American | 0 | 1 | 1 | 0 | 5 | 84 | 84.00 | 1 | 1 | 3.20 | 11.11 |
| History - World | 0 | 1 | 2 | 0 | 0 | 64 | 64.00 | 0 | 1 | 5.68 | 6.67 |